000 01279nam2a22002531 4500
001 RU\NLR\INFOCOMM33\1000000084
005 20250617143538.0
035 _a(NLR Aleph) 002712479
090 _a1804274
_c1804274
100 _a20040219d1958 |||y0rusy50 ca
101 0 _arus
102 _aRU
105 _ay |||||||||
200 1 _aТеоретические и экспериментальные исследования погрешностей гребных винтов
_fЕ.Б. Юровецкий
210 _d1958
_aБ. м.
461 0 _1001RU\NLR\INFOCOMM33\1000000082
_12001#$aНаучные труды$fДальневост. гос. техн. рыбохоз. ун-т$vВып.2
_91804265
_aДальневосточный государственный технический рыбохозяйственный университет (Владивосток)
_cВладивосток
_d1958 -
_fДальневост. гос. техн. рыбохоз. ун-т
_nДальневост. техн. рыбохоз. ун-т
_tНаучные труды
_x2222-4661
_vВып.2
700 1 _aЮровецкий
_bЕ.Б.
_4070
801 1 _aRU
_bInfoComm
_c20040219
801 0 _aRU
_bNLR
_gPSBO
852 _aNLR
_jП14/553
942 _cISSUE
980 _aNB
980 _aRUSPER